000 00498nam a2200181Ia 4500
003 OSt
005 20250816121624.0
008 210210b1961 xxu||||| |||| 00| 0 eng d
040 _cAL
041 _akan
082 _a859/1550
100 _aRAMAMURTI (M)
_9155870
_dರಾಮಮೂರ್ತಿ (ಎಂ)
245 _aUridu hoda malige:
_bಉರಿದು ಹೋದ ಮಾಳಿಗೆ
260 _aBengaluru
_b-
_c1961
690 _aKannada Fiction
_9155871
906 _a022278
942 _2ddc
_cBK
999 _c146431
_d146431